ARRUPE JESUIT UNIVERSITY

CORONAVIRUS -STOP THE SPREAD - CLEAN,DISINFECT,COVER

Stealing the story : (Record no. 118193)

MARC details
000 -LEADER
fixed length control field 01812pam a22003614a 4500
001 - CONTROL NUMBER
control field 6170698
003 - CONTROL NUMBER IDENTIFIER
control field ARRUPE
005 - DATE AND TIME OF LATEST TRANSACTION
control field 20131001142609.0
008 - FIXED-LENGTH DATA ELEMENTS--GENERAL INFORMATION
fixed length control field 061107s2007 nyu b 000 0 eng
010 ## - LIBRARY OF CONGRESS CONTROL NUMBER
LC control number 2006037297
020 ## - INTERNATIONAL STANDARD BOOK NUMBER
International Standard Book Number 9780826417367 (alk. paper)
020 ## - INTERNATIONAL STANDARD BOOK NUMBER
International Standard Book Number 0826417361 (alk. paper)
035 ## - SYSTEM CONTROL NUMBER
System control number (OCoLC)OCM76183370
035 ## - SYSTEM CONTROL NUMBER
System control number (OCoLC)76183370
035 ## - SYSTEM CONTROL NUMBER
System control number (NNC)6170698
040 ## - CATALOGING SOURCE
Original cataloging agency DLC
Transcribing agency DLC
Modifying agency BAKER
-- BTCTA
-- C#P
-- OrLoB-B
050 00 - LIBRARY OF CONGRESS CALL NUMBER
Classification number PR2997.I46
Item number Z56 2007
082 00 - DEWEY DECIMAL CLASSIFICATION NUMBER
Classification number 822.3/3
Edition number 22
300 ## - PHYSICAL DESCRIPTION
Dimensions 24 cm.
100 1# - MAIN ENTRY--PERSONAL NAME
Personal name Zilberfain, Ava.
9 (RLIN) 1885
245 10 - TITLE STATEMENT
Title Stealing the story :
Remainder of title Shakespeare's self-conscious use of the mimetic tradition in the tragedies /
Statement of responsibility, etc Ava Zilberfain.
260 ## - PUBLICATION, DISTRIBUTION, ETC. (IMPRINT)
Place of publication, distribution, etc New York :
Name of publisher, distributor, etc Continuum,
Date of publication, distribution, etc 2007.
300 ## - PHYSICAL DESCRIPTION
Extent v, 181 p. ;
504 ## - BIBLIOGRAPHY, ETC. NOTE
Bibliography, etc Includes bibliographical references.
505 00 - FORMATTED CONTENTS NOTE
Miscellaneous information Ch. 1.
Title Mimesis, tragedy, and narrative --
Miscellaneous information Ch. 2.
Title Shakespeare's use of mimesis --
Miscellaneous information Ch. 3.
Title Political reformation in The tragedy of King Richard the Second --
Miscellaneous information Ch. 4.
Title The ethical realm of The tragedy of Macbeth --
Miscellaneous information Ch. 5.
Title Breakdown of representation and the emergence of the divided self in The tragedy of Hamlet, Prince of Denmark --
Miscellaneous information Ch. 6.
Title Myth and the myth of centrality in Antony and Cleopatra --
Miscellaneous information Ch. 7.
Title Epistemological doubt in The tragedy of Othello, Moor of Venice --
Miscellaneous information Ch. 8.
Title The birth of the totalitarian state in The tragedy of King Lear.
600 10 - SUBJECT ADDED ENTRY--PERSONAL NAME
Personal name Shakespeare, William,
Dates associated with a name 1564-1616
General subdivision Literary style.
9 (RLIN) 1886
600 10 - SUBJECT ADDED ENTRY--PERSONAL NAME
Personal name Shakespeare, William,
Dates associated with a name 1564-1616
General subdivision Tragedies.
9 (RLIN) 1887
650 #0 - SUBJECT ADDED ENTRY--TOPICAL TERM
Topical term or geographic name as entry element Imitation in literature.
9 (RLIN) 1888
650 #0 - SUBJECT ADDED ENTRY--TOPICAL TERM
Topical term or geographic name as entry element Mimesis in literature.
9 (RLIN) 1889
856 41 - ELECTRONIC LOCATION AND ACCESS
Materials specified Table of contents only
Uniform Resource Identifier <a href="http://www.loc.gov/catdir/toc/ecip074/2006037297.html">http://www.loc.gov/catdir/toc/ecip074/2006037297.html</a>
900 ## - EQUIVALENCE OR CROSS-REFERENCE-PERSONAL NAME [LOCAL, CANADA]
Numeration TOC
942 ## - ADDED ENTRY ELEMENTS (KOHA)
Source of classification or shelving scheme Library of Congress Classification
Koha item type Monograph ( Printed materials)
948 1# - LOCAL PROCESSING INFORMATION (OCLC); SERIES PART DESIGNATOR (RLIN)
Series part designator, SPT (RLIN) 20070510
b (OCLC) c
c (OCLC) as2107
d (OCLC) MPS
Holdings
Withdrawn status Lost status Source of classification or shelving scheme Damaged status Not for loan Home library Current library Date acquired Total Checkouts Full call number Barcode Date last seen Price effective from Koha item type
    Library of Congress Classification     ARRUPE LIBRARY ARRUPE LIBRARY 01/10/2013   PR2997.I46 Z56 2007 46411318 25/04/2019 01/10/2013 Monograph ( Printed materials)

 

Arrupe Library. PO Box MP320 Mt Pleasant, Harare, Zimbabwe
263 242 745411|librarian@aju.ac.zw